skbl

Dr Suryya Kumar Bhuyan Library Web-OPAC
ডঃ সূৰ্য্য
কুমাৰ ভূঞা পুথিভঁৰাল ৱেব-অ'পেক

All Research Scholars are advised to clear the annual library fees to continue using Library Resources, Remote Access, Plagiarism Test and Library Clearance.

Cotton University Book Fair 2026

Natural Hazards and Disaster Management (Record no. 58775)

MARC details
000 -LEADER
fixed length control field 00538nam a2200193Ia 4500
001 - CONTROL NUMBER
control field 58887
008 - FIXED-LENGTH DATA ELEMENTS--GENERAL INFORMATION
fixed length control field 150811n2013 ii |||gr||||Z||||||465
020 ## - INTERNATIONAL STANDARD BOOK NUMBER
International Standard Book Number 978-81-316-0033-7
082 ## - DEWEY DECIMAL CLASSIFICATION NUMBER
Classification number 363.349
245 #0 - TITLE STATEMENT
Title Natural Hazards and Disaster Management
Statement of responsibility, etc. R.B.Singh (Editor)
Medium Textual Documents
250 ## - EDITION STATEMENT
Edition statement Ist ed.
260 ## - PUBLICATION, DISTRIBUTION, ETC.
Place of publication, distribution, etc. Rajasthan
Name of publisher, distributor, etc. Rawat Publications
Date of publication, distribution, etc. 2013
300 ## - PHYSICAL DESCRIPTION
Extent 2013:
Dimensions 19cm.
653 ## - INDEX TERM--UNCONTROLLED
Uncontrolled term Geography
653 ## - INDEX TERM--UNCONTROLLED
Uncontrolled term Disaster Management
653 ## - INDEX TERM--UNCONTROLLED
Uncontrolled term Dept-Geography
700 ## - ADDED ENTRY--PERSONAL NAME
Personal name Singh, R.B.,
Relator term Editor.,
942 ## - ADDED ENTRY ELEMENTS (KOHA)
Source of classification or shelving scheme Dewey Decimal Classification
Koha item type Books
Holdings
Withdrawn status Lost status Damaged status Not for loan Collection Home library Current library Shelving location Date acquired Coded location qualifier Cost, normal purchase price Total checkouts Full call number Barcode Date last seen Copy number Price effective from Koha item type
          Dr. Suryya Kumar Bhuyan Library Dr. Suryya Kumar Bhuyan Library   11/08/2015 00000 975.00   363.349 Si 64 Na 766/Geog 14/01/2024 1 11/08/2015 Books

Designed and Maintained by Team SKBL
©1901-2026

Powered by Koha